|
|
|
|
| LEADER |
00644nas a2200157 i 4500 |
| 001 |
acta36882 |
| 005 |
20210916103442.0 |
| 008 |
161201s1988 hu o 0|| rus d |
| 040 |
|
|
|a SZTE Egyetemi Kiadványok Repozitórium
|b hun
|
| 041 |
|
|
|a rus
|
| 245 |
0 |
0 |
|a Dissertationes Slavicae
|h [elektronikus dokumentum] :
|b Sectio Historiae Litterarum XIX. Supplementum
|
| 260 |
|
|
|c 1988
|
| 300 |
|
|
|a 345
|
| 490 |
0 |
|
|a Dissertationes slavicae. sectio historiae litterarum
|v 19
|
| 695 |
|
|
|a Orosz irodalom - tanulmányok, Orosz irodalom - 19-20. sz. - tanulmányok
|
| 856 |
4 |
0 |
|u http://acta.bibl.u-szeged.hu/36882/1/dissert_slav_historiae_019_suppl.pdf
|z Dokumentum-elérés
|